000 00646nam a2200253Ia 4500
003 OSt
005 20221005085237.0
006 a|||||r|||| 00| 0
007 ta
008 221004b |||||||| |||| 00| 0 eng d
020 _a0440214041
024 _a76967
037 _cTextual
040 _aCRL
_cCRL
_beng
041 _2eng
_aeng
082 _aO111,3N55,PB, N2
100 _aGrisham John
245 0 _aPelican brief
260 _aNew York
_bDell Publishing USA
_c1992
300 _a436p
_ccm.
650 _aENGLISH LITERATURE
942 _hO111,3N55,PB, N2
_cTEXL
_2cc
999 _c993951
_d993951